000 00726nam a22002777a 4500
003 UA-OsUOA
001 26044
007 ta
008 20040511b un ||||| |||| 00| 0 ukr d
100 _aМинц Л.М.
700 _aМиловский А.С.
700 _aСафиев Н.А.
090 _a39
_bС81
942 _cBK
040 _aUA-OsUOA
_brus
_cUA-OsUOA
_dUA-OsUOA
245 _aСто народов: сто языков: этнографические очерки
300 _a208 с.
_bІлюстрації
955 _a2
041 _arus
080 _a39
020 _a5-09-003499-0
260 _aМосква
_bПросвещение
_c1992
044 _aRU
650 7 _2UDC
999 _c312352
_d312352